| 000 | 00721nam a22001217a 4500 | ||
|---|---|---|---|
| 040 | _cRUA | ||
| 082 | _aSUM LOR 2023 A126 Or. | ||
| 100 | _aLOR BUNNA, ឡោ ប៊ុណ្ណា | ||
| 245 | _aSummary Report on main Achievements of Agricultural Research and Technology Development in 2022 and Strategic Direction for 2023, របាយការណ៍សង្ខេបសមិទ្ធផលនៃការស្រាវជ្រាវនិងអភិវឌ្ឍន៍បច្ចេកវិទ្យាកសិកម្មឆ្នាំ ២០២២ និងទិសដៅសម្រាប់ឆ្នាំ២០២៣ | ||
| 260 |
_aPHNOM PENH _bRUA _c2022,2023 |
||
| 300 |
_aiv, _bill, _c29cm, |
||
| 942 | _cREC | ||
| 999 |
_c25187 _d25187 |
||